000 00777nam a2200205 i 4500
001 21712
003 ES-MaACL
005 20251015063042.0
007 t|
008 021127s1972 sp ||||1| cat d
100 1 _aCatalà, Víctor,
_d1869-1966
_937006
245 1 0 _aObres completees /
_cVítor Catalá (seud.) ; proleg de Manuel de Montoliu ; epileg de María Aurelia Capmany.
260 _aBarcelona :
_bSelecta,
_c[1972]
300 _aLXIII, 1868 p., 8 lám. ;
_c21 cm.
505 8 _aContiene: Novel-les. Narraciones. Impresiones i records. Poesía. Teatre. Varia. Epistolari
700 0 _aMontoliu, Manuel de,
_d1877-1961
_982679
700 1 _aCapmany, Maria Aurèlia,
_d1918-1991
_934865
852 _aES-MaACL
_jC-54028
_bR.86814
999 _c21712
_d21712